Yüklüyor......
The 10 rules of happiness/
| Yazar: | |
|---|---|
| Materyal Türü: | Printed Book |
| Dil: | English |
| Baskı/Yayın Bilgisi: |
New Delhi :
Rupa Co.
c2004.
|
| LEADER | 00394nam a22001097a 4500 | ||
|---|---|---|---|
| 008 | 190410b ||||| |||| 00| 0 eng d | ||
| 999 | |c 333873 |d 333873 | ||
| 100 | |a Agarwal, Mridula | ||
| 245 | |a The 10 rules of happiness/ |c Mridula Agarwal | ||
| 260 | |a New Delhi : |b Rupa Co. |c c2004. | ||
| 942 | |c BK | ||
| 952 | |0 0 |1 0 |2 ddc |4 0 |7 0 |9 381728 |a LLE |b LLE |c ST1 |d 2019-04-10 |e TBS |g 150.00 |i 1660 |l 0 |p LLE1660 |r 2019-04-10 |w 2019-04-10 |y BK | ||